000 00319nam a2200133Ia 4500
005 20251222155054.0
008 251222s9999||||xx |||||||||||||| ||spa||
082 _aEBA.59.1-4/Ej.2
100 _aNANDA.
245 0 _aDefiniciones y clasificaciones de NANDA
250 _a1ra. ed.
264 _bHarcourt
942 _cLIB
999 _c37393
_d37393